VERSUS, N.005 (MAGGIO/AGOSTO 1973) (Record n. 187945)
[ formato base ]
| 000 -LEADER | |
|---|---|
| fixed length control field | 00841nas a2200253Ia 4500 |
| 001 - CONTROL NUMBER | |
| control field | R706/49412 |
| 003 - CONTROL NUMBER IDENTIFIER | |
| control field | IT-RoPAU |
| 008 - FIXED-LENGTH DATA ELEMENTS--GENERAL INFORMATION | |
| fixed length control field | 151124c99999999xx |||||||||||| ||und|| |
| 040 ## - CATALOGING SOURCE | |
| Original cataloging agency | IT-RoPAU |
| 040 ## - CATALOGING SOURCE | |
| Transcribing agency | IT-RoPAU |
| 041 ## - LANGUAGE CODE | |
| Language code of text/sound track or separate title | FRANCESE |
| 100 ## - MAIN ENTRY--PERSONAL NAME | |
| Personal name | Stefani Gino |
| Miscellaneous information | Codice Aut. SPICS: 1035 |
| 210 ## - ABBREVIATED TITLE | |
| Abbreviated title | VERSUS |
| 222 ## - KEY TITLE | |
| Key title | Versus |
| 245 ## - TITLE STATEMENT | |
| Title | VERSUS, N.005 (MAGGIO/AGOSTO 1973) |
| Remainder of title | Semiotique En Musicologie |
| 250 ## - EDITION STATEMENT | |
| Edition statement | 1a ed. |
| 260 ## - PUBLICATION, DISTRIBUTION, ETC. (IMPRINT) | |
| Place of publication, distribution, etc. | MILANO |
| Name of publisher, distributor, etc. | BOMPIANI |
| Date of publication, distribution, etc. | 1973 |
| 300 ## - PHYSICAL DESCRIPTION | |
| Extent | 23 p. [20-42] |
| 362 ## - DATES OF PUBLICATION AND/OR SEQUENTIAL DESIGNATION | |
| Dates of publication and/or sequential designation | N.005 (MAGGIO/AGOSTO 1973) |
| 501 ## - WITH NOTE | |
| -- | Paulus - SPICS - Società San Paolo EM (non-commercial uses only) |
| -- | Copyright2015 |
| 500 ## - GENERAL NOTE | |
| General note | Semiotica in Musicologia. Musica e Comunicazione. Codice e Messaggio. Morfologia dei Sistemi. Analisi. Semantica. |
| 650 ## - SUBJECT ADDED ENTRY--TOPICAL TERM | |
| Topical term or geographic name as entry element | SEMIOTICA |
| Form subdivision | PUBBLICAZIONE PERIODICA |
| 942 ## - ADDED ENTRY ELEMENTS (KOHA) | |
| Koha item type | RIVISTA |
| Withdrawn status | Lost status | Damaged status | Not for loan | Home library | Current library | Date acquired | Total Checkouts | Full call number | Date last seen | Price effective from | Koha item type | Public note |
|---|---|---|---|---|---|---|---|---|---|---|---|---|
| Buone Condizioni | Not For Loan | SPICS-MEDIATECA | SPICS-MEDIATECA | 25/11/2015 | R706/49412 | 25/11/2015 | 25/11/2015 | RIVISTA | Progr. Ins: 92283 / Copia rara: NO / date import: 25.11.2015 / By Epidotti, Trombetti, Vaglietti |